The Da Vinci code (Record no. 39360)

MARC details
000 -LEADER
fixed length control field 00585nam a2200169 a 4500
008 - FIXED-LENGTH DATA ELEMENTS--GENERAL INFORMATION
fixed length control field 081120s2004 ||||||||||||||||| || u
020 ## - INTERNATIONAL STANDARD BOOK NUMBER
International Standard Book Number 0552154016
050 ## - LIBRARY OF CONGRESS CALL NUMBER
Classification number PS 3552 .R685434 D3
100 ## - MAIN ENTRY--PERSONAL NAME
Personal name Brown, Dan
245 14 - TITLE STATEMENT
Title The Da Vinci code
260 ## - PUBLICATION, DISTRIBUTION, ETC.
Place of publication, distribution, etc. London
Name of publisher, distributor, etc. Corgi Books
Date of publication, distribution, etc. 2004
300 ## - PHYSICAL DESCRIPTION
Extent 604p.
350 ## - PRICE (NR) (BK AM CF MU VM SE) [OBSOLETE]
Price 0.00
650 ## - SUBJECT ADDED ENTRY--TOPICAL TERM
Topical term or geographic name entry element ENGLISH LANGUAGE
650 ## - SUBJECT ADDED ENTRY--TOPICAL TERM
Topical term or geographic name entry element LEONARDO, DA VINCI, 1452-1519 --APPRECIATION --FICTION
995 ## - RECOMMENDATION 995 [LOCAL, UNIMARC FRANCE]
-- 65000.00
-- CBU-MAIN LIBRARY (Kitwe)
-- 1
-- 0.00
-- 1
-- AVAILABLE
-- Nov 26, 2008
-- Fiction Collection
Holdings
Withdrawn status Lost status Source of classification or shelving scheme Damaged status Not for loan Home library Current library Shelving location Date acquired Total Checkouts Full call number Barcode Date last seen Date last checked out Price effective from Koha item type
          CBU-MAIN LIBRARY, KITWE. CBU-MAIN LIBRARY, KITWE.   11/30/2022 1 PS 3552 .R685434 D3 738887 03/01/2024 12/13/2023 11/30/2022 MONOGRAPH